000 00723cam a22002653a 4500
001 15853
003 PGUSA
005 20140828083335.0
008 050518s2005||||xxu|||||s|||||000 1 eng d
040 _aPGUSA
_beng
042 _adc
050 4 _aPT
100 1 _aLie, Jonas,
_d1833-1908
245 1 0 _aOne of Life's Slaves
_h[electronic resource] /
_cJonas Lie
260 _bProject Gutenberg,
_c2005
500 _aTranslation of: Livsslaven
506 _aPublic domain in the USA.
516 _aElectronic text
653 _aNorway -- Fiction
700 1 _aMuir, Jessie
740 0 _aLivsslaven. English
830 0 _aProject Gutenberg
_v15853
856 4 0 _uhttp://www.gutenberg.org/ebooks/15853
942 _cEB
999 _c245108
_d245108